000 00388nam a2200145 a 4500
005 20141022142008.0
008 120228s19uu xx 00 eng d
050 _aCD
_bB73 2005
100 _aBratton, John
245 _aOrganizational leadership /
_cJohn Bratton, Keith Grint, Debra Nelson.
260 _c2005.
700 _aGrint, Keith
700 _aNelson, Debra L.
942 _cAVM
999 _c276636
_d276636